Países más cercanos a Dominica - ¡Muerte súbita! - Estadísticas

Estadísticas generales
  • Esta prueba ha sido intentada 25 veces
  • La puntuación promedio es 5 de 15
Answers on the Grid
Answers color-coded by a green-red scale on the quiz's grid according to % correct below.
Santa Lucía
Antigua y Barbuda
San Cristóbal y Nieves
San Vicente y las Granadinas
Barbados
Granada
Trinidad y Tobago
Venezuela
Guyana
República Dominicana
Brasil
Colombia
Surinam
Haití
Bahamas
Cuba
Jamaica
Estados Unidos
México
Belice
El Salvador
Guatemala
Honduras
Nicaragua
Costa Rica
Panamá
Ecuador
Bolivia
Perú
Paraguay
 
Estadísticas de respuestas
Respuesta % Correcto
San Cristóbal y Nieves
54%
Trinidad y Tobago
54%
Antigua y Barbuda
46%
Granada
46%
Santa Lucía
46%
Barbados
38%
República Dominicana
38%
San Vicente y las Granadinas
38%
Bahamas
31%
Brasil
31%
Haití
31%
Surinam
23%
Guyana
15%
Venezuela
15%
Colombia
8%
No se encontraron pruebas coincidentes
Distribución de puntuación
Porcentaje de gente con cada puntuación
Porcentaje por número respondido
Historial de tus puntuaciones
No has intentado esta prueba.